| 000 | 00446cam a22001217a 4500 | ||
|---|---|---|---|
| 008 | 180718b1960 xxu||||| |||| 00| 0 eng d | ||
| 082 | _aA2:VA2 In2 | ||
| 245 |
_aA bibliography of Undology (enumerating basic publications on all aspects of Indian culture): Indian anthropology _cCompiled by J.M. Kanitkar |
||
| 260 |
_aCalcutta _bNational Library _c1960 |
||
| 300 | _a290+p. | ||
| 700 | _aIndia. National Library, Calcutta | ||
| 700 | _aKanitkar, J.M. | ||
| 999 |
_c487414 _d487414 |
||